| 000 | 00682cam a2200265 a 4500 | ||
|---|---|---|---|
| 999 |
_c37 _d37 |
||
| 001 | 004258 | ||
| 003 | OSt004258 | ||
| 005 | 20181026171204.0 | ||
| 008 | 001128s2000 sp r 00011dspa d | ||
| 020 | _a8401014093 | ||
| 035 | _a04258 | ||
| 043 | _as-cl--- | ||
| 082 | 0 | 4 |
_aCh863.6 _bA55r _21 ed |
| 100 | 1 |
_aAllende, Isabel, _d1942- |
|
| 245 | 1 | 0 |
_aRetrato en sepia / _cIsabel Allende. |
| 260 |
_aBarcelona : _bPlaza & Janés, _c2000. |
||
| 300 |
_a343 p. ; _c25 cm. |
||
| 650 | 4 | _aNovela chilena. | |
| 650 | 0 |
_aLiteratura _943 |
|
| 650 | 6 | _aNovela histórica. | |
| 650 | 4 |
_aMujeres _v Novela. |
|
| 650 |
_aTraición _v Novela. |
||
| 942 |
_2ddc _cBK |
||
| 949 |
_an _bn |
||